Statistiken für Anschlussstellen der BAB 29

Klicken Sie hier um das Quiz zu spielen!

Allgemein

  • Dieses Quiz wurde 12 mal gespielt
  • Das Durchschnittsergebnis liegt bei 16 aus 21

Antwortstatistiken

BundeslandAS-Nr.Anschlussstelle% Korrekt
Niedersachsen13Kreuz Oldenburg-Nord
100%
Niedersachsen16Kreuz Oldenburg-Ost
100%
Niedersachsen17Oldenburg-Bummerstede
100%
Niedersachsen15Oldenburg-Hafen
100%
Niedersachsen14Oldenburg-Ohmstede
100%
Niedersachsen3Wilhelmshaven
91%
Niedersachsen5Wilhelmshavener Kreuz
91%
Niedersachsen20Ahlhorn
73%
Niedersachsen21Dreieck Ahlhorner Heide
73%
Niedersachsen4Fedderwarden
73%
Niedersachsen2Fedderwardergroden
73%
Niedersachsen12Rastede
73%
Niedersachsen6Sande
73%
Niedersachsen8Varel / Bockhorn
73%
Niedersachsen9Varel / Obenstrohe
73%
Niedersachsen7Zetel
73%
Niedersachsen19Großenkneten
64%
Niedersachsen11Hahn-Lehmden
64%
Niedersachsen10Jaderberg
64%
Niedersachsen1Voslapp
64%
Niedersachsen18Wardenburg
45%

Verteilung der Resultate

Perzentil nach korrekt beantworteten Fragen

Anzahl Personen mit jedem Resultat

Ihre Resultats-Entwicklung

Sie haben dieses Quiz noch nicht gespielt